000 00637nam a2200217Ia 4500
999 _c20804
_d20804
003 0100
005 20181113094824.0
008 130303s9999 xx 000 0 und d
040 _cARRUPELIB
050 _aBX3701.G2
100 _aKolvenbach, Peter H.
_943388
245 _aMen of God, Men for others
_bthe Jesuits, an obedient avant-guard confronting the challenges of the modern wo
_cPeter H. Kolvenbach
260 _aMiddlegreen, Slough, UK
_bSt. Paul Publications
_c1983
300 _a167p. ;
_c23cm.
650 _bJesuits
_924180
700 _aInterviewed by Renzo Giacomelli and Translated by Alan Neame
_943389
942 0 0 _03
_2lcc